Las disposiciones aclaratorias en la prc̀tica jurd̕ica anl̀isis crt̕ico de su aplicacin̤ en el derecho pb︢lico espaǫl y comunitario /

Detalles Bibliográficos
Autor principal: Villar Ezcurra, Marta
Formato: Desconocido
Lenguaje:español
Publicado: Barcelona Cedecs, 1996
Materias:
Acceso en línea:Acceso restringido

MARC

LEADER 00000ny a22000003n 4500
005 20110614125814.0
008 A10218s1996 sp || 000 0 spa d
020 |a 9788489171466 
035 |a 3318 
040 |a BUS  |d vLex 
080 |a 340.132.6 
090 |c 665  |d 665 
100 1 |a Villar Ezcurra, Marta 
245 1 4 |a Las disposiciones aclaratorias en la prc̀tica jurd̕ica  |h [Recurso electrn̤ico]  |b anl̀isis crt̕ico de su aplicacin̤ en el derecho pb︢lico espaǫl y comunitario /  |c Marta Villar Ezcurra 
256 |a Servicio en ln̕ea 
260 |a Barcelona  |b Cedecs,  |c 1996 
300 |a 284 p. ;  |c 23 cm 
504 |a Bibliogr.: p. 267-284 
506 1 |a Contenido solo disponible en los productos indicados  |d vLex Global  |d vLex Global (Academic Edition, excluding Law Schools)  |d vLex Global (U.S. Academic Edition, Law Schools)  |d vLex Global (U.S. Academic Edition, excluding Law Schools)  |d vLex Global (Academic Edition, Law Schools) 
650 0 7 |a Filosofa̕ del derecho  |2 Tesauro vLex 
650 0 7 |a Administrativo  |2 Tesauro vLex 
650 0 7 |a Interpretacin̤ del derecho  |2 Tesauro vLex 
740 0 |a vLex Libros (Servicios en ln̕ea) 
856 4 0 |u http://vlex.com/source/3318  |z Acceso restringido 
942 |c BOOK 
999 0 |a Law--Philosophy  |b Barcelona